000 00266nam a2200109Ia 4500
008 240625s9999 xx 000 0 und d
041 _aeng
082 _a658 FIT
100 _aFITZSIMMONS JAMES A
245 _aSERVICE MANAGEMENT OPERATIONS STRATEGY I
260 _c2014
999 _c39730
_d39730